Problem-Solving Cases Using MS Access and Excel (Record no. 837795)

MARC details
000 -LEADER
fixed length control field 00363pam a2200133 a 4500
020 ## - INTERNATIONAL STANDARD BOOK NUMBER
Terms of availability
041 ## - LANGUAGE CODE
Language code of original
100 ## - MAIN ENTRY--PERSONAL NAME
Personal name BRADY (Joseph A.)/ MONK (Ellen F.)
Relator term author
245 ## - TITLE STATEMENT
Title Problem-Solving Cases Using MS Access and Excel
Medium Textual Document
250 ## - EDITION STATEMENT
Edition statement 2nd Rep.
260 ## - PUBLICATION, DISTRIBUTION, ETC.
Name of publisher, distributor, etc. Cengage Learning India Pvt. Ltd New Delhi
Date of publication, distribution, etc. 2010
300 ## - PHYSICAL DESCRIPTION
Extent 244
930 ## - EQUIVALENCE OR CROSS-REFERENCE-UNIFORM TITLE HEADING [LOCAL, CANADA]
Uniform title 8390
Holdings
Withdrawn status Lost status Damaged status Not for loan Collection Home library Current library Date acquired Source of acquisition Cost, normal purchase price Total Checkouts Full call number Barcode Date last seen Copy number Price effective from Koha item type
          Institute of Management & Research, New Delhi Institute of Management & Research, New Delhi 15/06/2011 Global Educational Books 175.00   IMD-26UB0002037 17/08/2023 1 17/08/2023 Book